Los derechos de uso y las cuotas individuales transferibles de captura en Argentina (Registro nro. 22866)
[ vista simple ]
| 000 -LEADER | |
|---|---|
| fixed length control field | 00454 a2200133 4500 |
| 001 - CONTROL NUMBER | |
| control field | ART_34071 |
| 005 - DATE AND TIME OF LATEST TRANSACTION | |
| control field | 20260410161827.0 |
| 008 - FIXED-LENGTH DATA ELEMENTS--GENERAL INFORMATION | |
| fixed length control field | 260409a |
| 100 1# - MAIN ENTRY--PERSONAL NAME | |
| Personal name | Pagani, Andrea Noemí |
| 245 10 - TITLE STATEMENT | |
| Title | Los derechos de uso y las cuotas individuales transferibles de captura en Argentina |
| 700 1# - ADDED ENTRY--PERSONAL NAME | |
| Personal name | Gualdoni, Patricia Alejandra |
| 700 1# - ADDED ENTRY--PERSONAL NAME | |
| Personal name | Bertolotti, María Isabel |
| 773 0# - HOST ITEM ENTRY | |
| Title | FACES |
| Related parts | - Año 20, Nº 42/43 (ene./dic. 2014) |
| Record control number | REV5046 |
No hay ítems disponibles.